Scenarios1990, Japan

Bewaard in:
Bibliografische gegevens
Formaat: Boek
Taal:Undetermined
Gepubliceerd in: Japan Social Policy Bureau Economic Planning agency Japanese Goverment 1981
Onderwerpen:
Tags: Voeg label toe
Geen labels, Wees de eerste die dit record labelt!
Thư viện lưu trữ: Trung tâm Học liệu Trường Đại học Cần Thơ
LEADER 00420nam a2200145Ia 4500
001 CTU_79366
008 210402s9999 xx 000 0 und d
082 |a 338.9 
082 |b S127 
245 0 |a Scenarios1990, Japan 
260 |a Japan 
260 |b Social Policy Bureau Economic Planning agency Japanese Goverment 
260 |c 1981 
650 |a Economic policy 
980 |a Trung tâm Học liệu Trường Đại học Cần Thơ